Gares d'Île-de-France - Statistiques

Statistiques générales
  • Ce quiz a été pris 200 fois
    67 depuis la dernière actualisation
  • Le résultat moyen est 137 sur 452
Statistiques - réponses
Gare % Correct
Paris Nord
87%
Paris Gare de Lyon
78%
Paris Est
70%
Châtelet-Les Halles
67%
Saint-Denis
67%
Versailles Chantiers
67%
La Défense Grande Arche
63%
Paris Austerlitz
63%
Auber
61%
Juvisy
61%
Argenteuil
57%
Cité Universitaire
57%
Marne-la-Vallée Chessy
57%
Massy Palaiseau
57%
Nanterre Préfecture
57%
Poissy
57%
Garges Sarcelles
54%
Melun
54%
Pontoise
54%
Antony
52%
Aulnay-sous-Bois
52%
Cergy Préfecture
52%
Charles de Gaulle-Étoile
52%
Évry Val de Seine
52%
Rambouillet
52%
Saint-Michel-Notre Dame
52%
Saint-Ouen
52%
Boissy-Saint-Léger
50%
Bondy
50%
Cergy Le Haut
50%
Luxembourg
50%
Mantes-la-Jolie
50%
Meaux
50%
Nation
50%
Torcy
50%
Versailles Château Rive Gauche
50%
Versailles Rive Droite
50%
Vitry-sur-Seine
50%
Cergy Saint-Christophe
48%
Corbeil-Essonnes
48%
Dourdan
48%
Ermont Eaubonne
48%
Étampes
48%
Ivry-sur-Seine
48%
Le Bourget
48%
Mitry-Claye
48%
Nanterre Université
48%
Paris Saint-Lazare
48%
Saint-Germain-en-Laye
48%
Arcueil Cachan
46%
Choisy-le-Roi
46%
Denfert Rochereau
46%
Goussainville
46%
Issy
46%
La Courneuve Aubervilliers
46%
La Plaine Stade de France
46%
Le Blanc-Mesnil
46%
Magenta
46%
Massy Verrières
46%
Nanterre La Folie
46%
Paris Montparnasse
46%
Sartrouville
46%
Sevran Beaudottes
46%
Trappes
46%
Villepinte
46%
Bagneux
43%
Brétigny
43%
Drancy
43%
Houilles Carrières-sur-Seine
43%
Nanterre Ville
43%
Neuville Université
43%
Noisy-le-Sec
43%
Rosny-sous-Bois
43%
Sainte-Geneviève-des-Bois
43%
Saint-Quentin-en-Yvelines
43%
Savigny-sur-Orge
43%
Stade de France Saint-Denis
43%
Val de Fontenay
43%
Val d'Europe
43%
Villiers-le-Bel Gonesse Arnouville
43%
Achères Ville
41%
Athis-Mons
41%
Bourg-la-Reine
41%
Bussy Saint-Georges
41%
Colombes
41%
Épinay-sur-Seine
41%
Épinay Villetaneuse
41%
Gentilly
41%
Gif-sur-Yvette
41%
La Verrière
41%
Lognes
41%
Musée d'Orsay
41%
Neuilly-Plaisance
41%
Noisy-le-Grand Mont d'Est
41%
Ris-Orangis
41%
Robinson
41%
Rueil-Malmaison
41%
Saint-Cyr
41%
Saint-Michel-sur-Orge
41%
Sceaux
41%
Villeneuve-Saint-Georges
41%
Vincennes
41%
Achères Grand Cormier
39%
Arpajon
39%
Champigny
39%
Chatou Croissy
39%
Chelles Gournay
39%
Conflans Fin d'Oise
39%
Conflans-Sainte-Honorine
39%
Créteil Pompadour
39%
Fontenay-aux-Roses
39%
Fontenay-sous-Bois
39%
Franconville Le Plessis-Bouchard
39%
Haussmann Saint-Lazare
39%
Issy Val de Seine
39%
Javel
39%
Le Vésinet Le Pecq
39%
Maisons-Laffitte
39%
Meudon
39%
Montigny Beauchamp
39%
Noisy-Champs
39%
Pantin
39%
Porte de Clichy
39%
Port Royal
39%
Rosny Bois-Perrier
39%
Saint-Cloud
39%
Sevran Livry
39%
Asnières-sur-Seine
37%
Bry-sur-Marne
37%
Cernay
37%
Dourdan-La Forêt
37%
Gennevilliers
37%
Grigny Centre
37%
Laplace
37%
Les Baconnets
37%
Les Mureaux
37%
Louvres
37%
Noisiel
37%
Palaiseau
37%
Rosa Parks
37%
Saint-Ouen-l'Aumône
37%
Tournan
37%
Val d'Argenteuil
37%
Villiers-sur-Marne Le Plessis-Trévise
37%
Ablon
35%
Avenue Foch
35%
Bibliothèque François Mitterrand
35%
Chemin d'Antony
35%
Coulommiers
35%
Épinay-sur-Orge
35%
Invalides
35%
Joinville-le-Pont
35%
Les Ardoines
35%
Le Vésinet Centre
35%
Lozère
35%
Maisons-Alfort Alfortville
35%
Mantes Station
35%
Neuilly Porte Maillot
35%
Orly Ville
35%
Palaiseau Villebon
35%
Parc des Expositions
35%
Pierrefitte Stains
35%
Provins
35%
Saint-Martin-d'Étampes
35%
Saint-Nom-la-Bretèche Forêt de Marly
35%
Sarcelles Saint-Brice
35%
Villeparisis-Mitry-le-Neuf
35%
Viroflay Rive Gauche
35%
Viry-Châtillon
35%
Avenue du Président Kennedy
33%
Bois-Colombes
33%
Champ de Mars Tour Eiffel
33%
Chaville Vélizy
33%
Clichy Levallois
33%
Coignières
33%
Courcelles-sur-Yvette
33%
Crécy La Chapelle
33%
Étréchy
33%
Fontaine Michalon
33%
Herblay
33%
Jouy-en-Josas
33%
Le Guichet
33%
Les Grésillons
33%
Les Noues
33%
Le Vert de Maisons
33%
Luzarches
33%
Marly-le-Roi
33%
Montreuil
33%
Osny
33%
Parc de Sceaux
33%
Plaisir Grignon
33%
Pont Cardinet
33%
Pont de l'Alma
33%
Rungis La Fraternelle
33%
Saint-Maur Créteil
33%
Saint-Rémy-lès-Chevreuses
33%
Sannois
33%
Savigny-le-Temple Nandy
33%
Survilliers Fosses
33%
Us
33%
Valmondois
33%
Vernouillet Verneuil
33%
Vert Galant
33%
Vigneux-sur-Seine
33%
Villeneuve-le-Roi
33%
Villeneuve Triage
33%
Viroflay Rive Droite
33%
Yerres
33%
Aéroport Charles de Gaulle 1
30%
Aéroport Charles de Gaulle 2 TGV
30%
Bécon les Bruyères
30%
Boissy l'Aillerie
30%
Boulainvilliers
30%
Brunoy
30%
Clamart
30%
Courbevoie
30%
Épône Mézières
30%
Éragny Neuville
30%
Esbly
30%
Fontainebleau Avon
30%
Gagny
30%
Gretz-Armainvilliers
30%
Issou Porcheville
30%
La Croix de Berny
30%
La Garenne-Colombes
30%
La Hacquinière
30%
Le Mée-sur-Seine
30%
Le Parc de Saint-Maur
30%
Le Stade
30%
Nogent Le Perreux
30%
Nogent-sur-Marne
30%
Orsay Ville
30%
Persan Beaumont
30%
Pierrelaye
30%
Plaisir Les Clayes
30%
Pont de Rungis Aéroport d'Orly
30%
Pont du Garigliano Hôpital G. Pompidou
30%
Porchefontaine
30%
Puteaux
30%
Saint-Ouen-l'Aumône Liesse
30%
Sucy Bonneuil
30%
Triel-sur-Seine
30%
Vanves Malakoff
30%
Bois-le-Roi
28%
Bures-sur-Yvette
28%
Chanteloup-les-Vignes
28%
Chaville Rive Droite
28%
Émerainville Pontault-Combault
28%
Enghien-les-Bains
28%
Ermont Halte
28%
Igny
28%
Lagny Thorigny
28%
La Varenne Chennevières
28%
Le Bras de Fer Évry Génopôle
28%
Les Essarts-le-Roi
28%
Les Saules
28%
Lieusaint Moissy
28%
Mennecy
28%
Ozoir-la-Ferrière
28%
Roissy-en-Brie
28%
Saint-Gratien
28%
Vaires Torcy
28%
Andrésy
26%
Aubergenville Élisabethville
26%
Avenue Henri Martin
26%
Bièvres
26%
Chars
26%
Combs-la-Ville Quincy
26%
Cormeilles-en-Parisis
26%
Dammartin Juilly Saint-Mard
26%
Égly
26%
Évry Courcouronnes Centre
26%
Gros Noyer Saint-Prix
26%
La Norville Saint-Germain-lès-Arpajon
26%
Le Raincy Villemomble Montfermeil
26%
Les Clairières de Verneuil
26%
Le Val d'Or
26%
Limay
26%
Meudon Val Fleury
26%
Montgeron Crosne
26%
Pereire Levallois
26%
Suresnes Mont-Valérien
26%
Bonnières
24%
Boussy-Saint-Antoine
24%
Cesson
24%
Chaville Rive Gauche
24%
Fontenay-le-Fleury
24%
Gargenville
24%
Groslay
24%
La Ferté-sous-Jouarre
24%
La Frette Montigny
24%
Longjumeau
24%
Montereau
24%
Montsoult Maffliers
24%
Nézel Aulnay
24%
Orangis Bois de l'Épine
24%
Rosny-sur-Seine
24%
Saint-Fargeau
24%
Sermaise
24%
Sèvres Ville-d'Avray
24%
Vauboyen
24%
Vaucresson
24%
Villennes-sur-Seine
24%
Villepreux Les Clayes
24%
Auvers-sur-Oise
22%
Bellevue
22%
Boissise-le-Roi
22%
Bougival
22%
Breuillet Village
22%
Compans
22%
Deuil Montmagny
22%
Essonnes Robinson
22%
La Barre Ormesson
22%
Lardy
22%
Le Chenay Gagny
22%
Les Boullereaux Champigny
22%
Les Vallées
22%
Les Yvris Noisy-le-Grand
22%
L'Isle-Adam Parmain
22%
Marolles-en-Hurepoix
22%
Montfort-l'Amaury Méré
22%
Nangis
22%
Saint-Chéron
22%
Saint-Leu-la-Forêt
22%
Santeuil Le Perchay
22%
Sèvres Rive Gauche
22%
Souppes Château-Landon
22%
Taverny
22%
Beynes
20%
Bouffémont-Moisselles
20%
Chamarande
20%
Champagne-sur-Seine
20%
Champ de Courses d'Enghien
20%
Chilly-Mazarin
20%
Crouy-sur-Ourcq
20%
Garches Marnes-la-Coquette
20%
Houdan
20%
La Ferté-Alais
20%
Le Perray
20%
L'Étang-la-Ville
20%
Longueville
20%
Louveciennes
20%
Maule
20%
Maurecourt
20%
Mériel
20%
Méry-sur-Oise
20%
Montgeroult Courcelles
20%
Mortcerf
20%
Nanteuil Saâcy
20%
Nemours Saint-Pierre
20%
Paris Bercy-Bourgogne-Pays d'Auvergne
20%
Petit Jouy Les Loges
20%
Saint-Ouen-l'Aumône Quartier de l'Église
20%
Seugy
20%
Trilport
20%
Viarmes
20%
Ballancourt
17%
Boigneville
17%
Breuillet Bruyères-le-Châtel
17%
Buno Gironville
17%
Champlan
17%
Domont
17%
Écouen Ézanville
17%
Faremoutiers Pomeuse
17%
Frépillon
17%
Juziers
17%
La Celle-Saint-Cloud
17%
Le Coudray Montceaux
17%
Lizy-sur-Ourcq
17%
Maisse
17%
Meulan Hardricourt
17%
Moulin Galant
17%
Noisy-le-Roi
17%
Petit Vaux
17%
Tacoignières Richebourg
17%
Thun-le-Paradis
17%
Vaux-sur-Seine
17%
Villabé
17%
Vosves
17%
Allée Royale
15%
Boutigny
15%
Champagne-sur-Oise
15%
Champbenoist Poigny
15%
Dugny La Courneuve
15%
Garancières La Queue
15%
Gargan
15%
Guérard La Celle-sur-Morin
15%
Le Plessis Chenet
15%
Les Pavillons-sous-Bois
15%
Les Portes de Saint-Cyr
15%
Lisière Pereire
15%
Mareil-Marly
15%
Massy Europe
15%
Massy TGV
15%
Moret Veneux-les-Sablons
15%
Mouroux
15%
Orgérus-Béhoust
15%
Sainte-Colombe Septveilles
15%
Stains-La Cerisaie
15%
Verneuil-l'Étang
15%
Villaines
15%
Belloy Saint-Martin
13%
Bessancourt
13%
Bouray
13%
Bourron-Marlotte Grez
13%
Bréval
13%
Changis Saint-Jean
13%
Chaponval
13%
Couilly Saint-Germain Quincy
13%
Fourqueux - Bel Air
13%
Gravigny Balizy
13%
L'Étang - Les Sablons
13%
Livry-sur-Seine
13%
Mareil-sur-Mauldre
13%
Montry Condé
13%
Pont Petit
13%
Presles Courcelles
13%
Thieux Nantouillet
13%
Thomery
13%
Vaucelles
13%
Villetaneuse Université
13%
Villiers Montbarbin
13%
Villiers Neauphle Pontchartrain
13%
Vulaines-sur-Seine Samoreau
13%
Angerville
11%
Bailly
11%
Bruyères-sur-Oise
11%
Chartrettes
11%
Épluches
11%
Fontaine-le-Port
11%
Gazeran
11%
Héricy
11%
La Grande Paroisse
11%
Mormant
11%
Nointel Mours
11%
Ponthierry Pringy
11%
Rougemont Chanteloup
11%
Allée de la Tour Rendez-vous
9%
Bagneaux-sur-Loing
9%
Grand-Bourg
9%
La Remise à Jorelle
9%
Les Coquetiers
9%
Marles-en-Brie
9%
Montigny-sur-Loing
9%
Freinville Sevran
7%
Guillerval
7%
Isles Armentières Congis
7%
Lycée Henri Sellier
7%
Monnerville
7%
Saint-Mammès
7%
Vernou-sur-Seine
7%
L'Abbaye
2%
Aucun quiz correspondant
Distribution des résultats
% des personnes avec chaque résultat
Percentile par nombre de réponses
Votre historique - résultats
Vous n’avez pas pris ce quiz depuis la dernière actualisation